[Event "World Team-ch 2017"]
[Site "Khanty-Mansyisk"]
[Date "2017.06.20"]
[Round "4"]
[White "Nepomniachtchi, Ian"]
[Black "Aleksandrov, Aleksej"]
[Result "1-0"]
[WhiteElo "2732"]
[BlackElo "2565"]
[Annotator "TA"]
[PlyCount "81"]
[EventDate "2017.??.??"]
[EventType "team-tourn"]
[EventCountry "RUS"]
[SourceTitle "playchess.com"]
[Source "ChessBase"]
[SourceQuality "1"]
[WhiteTeam "RUS"]
[BlackTeam "BLR"]
[WhiteTeamCountry "RUS"]
[BlackTeamCountry "BLR"]

{[%evp 24,81,0,0,0,0,0,0,0,0,0,-3,0,0,0,-14,-15,-33,16,44,33,5,77,71,76,74,68,72,70,32,39,33,38,16,15,0,0,0,23,18,33,33,39,45,163,144,497,515,585,573,1149,1166,12835,12835,12843,12843,12844,12844,12845,604]} 1. c4 e6 2. Nc3 Nf6 3. e4 d5 4. e5 d4 5. exf6 dxc3 6. bxc3 Qxf6 7. d4 {[%cal Bd2d4,Bd4d5][%mdl 32]} e5 8. Nf3 Nc6 {A18: English Opening: Flohr-Mikenas System (1 c4 Nf6 2 Nc3 e6 3 e4)} 9. Bg5 Qg6 10. d5 Nb8 11. h4 h6 12. h5 Qd6 13. Be3 {LiveBook: 3 Games} Nd7 {[#]} 14. c5 $146 ({Predecessor:} 14. Qa4 c6 15. Rd1 {1-0 (67) Nakamura,H (2787)-Caruana,F (2795) Saint Louis 2016}) 14... Nxc5 15. Bb5+ Nd7 $1 16. c4 $1 Qf6 17. Qa4 Kd8 18. Bxd7 Bxd7 19. Qb3 b6 20. Nd2 Bd6 21. Ne4 Qe7 $1 22. O-O f5 (22... f6 $1 $11 {keeps the balance.}) 23. Nxd6 $16 cxd6 24. Qa3 {Bxb6+! is the strong threat.} Ke8 {[#]} 25. Bxb6 $1 {[%mdl 512]} Rc8 (25... axb6 26. Qxa8+) 26. Ba5 {Threatens to win with Bb4.} Rxc4 {Threatening ...Ra4.} 27. Bb4 Kf7 28. Rfe1 Re8 29. Rac1 Rxc1 30. Rxc1 Kg8 31. Qxa7 f4 32. Rc7 $36 {[%mdl 2048] White is more active.} Rd8 33. Qb6 Qg5 (33... f3 $14) 34. Qxd6 $18 Qxh5 $2 {[%mdl 8192]} (34... f3 $16 {is more resistant.} 35. Qg6 Qxg6 36. hxg6 Bf5) 35. f3 {White is clearly winning.} ({Not} 35. Rxd7 Qd1+ 36. Be1 Rxd7 $11) 35... Qe8 36. Qe7 Kh7 37. d6 e4 38. Bc3 {[%csl Gc3][%cal Re7g7]} Qg6 39. Rxd7 (39. Qxd8 {leads to mate.} exf3 40. Qg8+ Kxg8 41. Rc8+ Bxc8 42. g4 Qxg4+ 43. Kf2 Qg3+ 44. Kf1 Bh3#) 39... Rxd7 40. Qxd7 exf3 {[#]} 41. Qxg7+ $1 {[%mdl 512] Precision: White = 63%, Black = 39%.} 1-0

[Event "World Team-ch 2017"]
[Site "Khanty-Mansyisk"]
[Date "2017.06.20"]
[Round "4"]
[White "Wojtaszek, Radoslaw"]
[Black "Solak, Dragan"]
[Result "1/2-1/2"]
[WhiteElo "2730"]
[BlackElo "2641"]
[Annotator "TA"]
[PlyCount "69"]
[EventDate "2017.??.??"]
[EventType "team-tourn"]
[EventCountry "RUS"]
[SourceTitle "playchess.com"]
[Source "ChessBase"]
[SourceQuality "1"]
[WhiteTeam "POL"]
[BlackTeam "TUR"]
[WhiteTeamCountry "POL"]
[BlackTeamCountry "TUR"]

{[%evp 16,69,19,10,42,-6,33,-14,-6,-25,-16,-16,-20,-8,-12,-8,-22,-8,-10,-17,-21,-41,-48,-103,-104,-106,-96,-115,-113,-104,-107,-108,-105,-134,-134,-112,-133,-114,-128,-110,-43,-99,-89,-79,-24,-29,-31,-33,-60,-147,0,-5,0,-152,0,-14]} 1. d4 d5 2. c4 c6 3. Nf3 Nf6 4. Nc3 dxc4 5. a4 Bf5 6. Ne5 Nbd7 7. Nxc4 Nb6 8. Ne5 a5 9. e3 {LiveBook: 203 Games. D17: Slav Defence: 5 a4 Bf5: Lines with 6 Nh4 and 6 Ne5} (9. h4 g6 10. h5 gxh5 11. e4 Bg6 12. Be3 e6 13. Bd3 Nbd7 14. Nxd7 Qxd7 15. f3 Bg7 16. Qd2 O-O {1-0 (60) Aronian,L (2792)-Anand,V (2770) Leuven 2016}) 9... Nfd5 $146 ({Predecessor:} 9... Nbd7 10. Nc4 Qb8 11. Qf3 Bg6 12. Qg3 Qxg3 13. hxg3 Nd5 14. Nxd5 cxd5 15. Ne5 Nxe5 16. dxe5 Bf5 {½-½ (54) Melkumyan,H (2653)-Banusz,T (2612) Austria 2017}) 10. g4 Be6 (10... Bg6 $5) 11. Ne4 {White is slightly better.} f6 12. Nd3 $1 Bf7 13. Bg2 e5 14. dxe5 Nb4 $36 {[%mdl 2048] Black fights for an advantage.} 15. Nxb4 Bxb4+ 16. Bd2 Bxd2+ 17. Qxd2 Qxd2+ 18. Kxd2 O-O-O+ 19. Kc2 (19. Ke2 $15 fxe5 20. Rhc1) 19... fxe5 $17 20. Rad1 {Black should prevent Nd6+.} Bg6 21. h4 Rhf8 22. Rxd8+ Kxd8 23. Rf1 Nxa4 {White must now prevent ...Nc5.} 24. h5 Bxe4+ $1 25. Bxe4 {[%mdl 4096] Endgame [#] KRB-KRN} h6 $1 26. Bf5 Nc5 27. f4 Ke7 ({Black should play} 27... exf4 $17 28. exf4 Re8) 28. Kc3 (28. fxe5 $15 Nd7 29. e6) 28... exf4 29. exf4 Rd8 (29... Kd6 $17) 30. Re1+ $11 Kf6 31. Re5 b6 32. Bg6 ({Better is} 32. Re2 $15) 32... Rf8 (32... Rd5 $17 33. Rxd5 cxd5) 33. Bf5 Rd8 (33... Rh8 $11) 34. Bg6 $1 $17 Rf8 (34... Rd5 $17 35. Rxd5 cxd5) 35. Bf5 {Precision: White = 51%, Black = 60%.} 1/2-1/2

[Event "World Team-ch 2017"]
[Site "Khanty-Mansyisk"]
[Date "2017.06.20"]
[Round "4"]
[White "Li, Chao b"]
[Black "Abdelnabbi, Imed"]
[Result "1-0"]
[WhiteElo "2720"]
[BlackElo "2428"]
[Annotator "TA"]
[PlyCount "61"]
[EventDate "2017.??.??"]
[EventType "team-tourn"]
[EventCountry "RUS"]
[SourceTitle "playchess.com"]
[Source "ChessBase"]
[SourceQuality "1"]
[WhiteTeam "CHN"]
[BlackTeam "EGY"]
[WhiteTeamCountry "CHN"]
[BlackTeamCountry "EGY"]

{[%evp 10,61,1,-4,14,5,11,4,9,-10,-6,-12,28,28,47,31,37,47,68,67,70,54,93,98,178,189,190,179,187,181,185,175,218,214,243,235,269,270,346,340,343,343,370,359,385,376,624,314,314,314,314,314,499,487]} 1. Nf3 Nf6 2. g3 b5 3. e3 a6 4. Bg2 Bb7 5. O-O e6 (5... g6 6. b3 Bg7 7. Bb2 O-O 8. d4 d6 9. Nbd2 Nbd7 10. Qe2 c5 {½-½ (86) Caruana,F (2827)-Carlsen,M (2840) chess.com INT 2017}) 6. b3 {LiveBook: 3 Games. A05: Réti Opening: 1 Nf3 Nf6} Be7 7. Bb2 O-O 8. c4 {The position is equal.} d5 9. d4 $146 ({Predecessor:} 9. Qe2 c5 10. d3 Nbd7 11. Nbd2 Qb6 {½-½ (19) Tadic,B (2488)-Drasko,M (2446) Bar 2015}) 9... dxc4 10. bxc4 bxc4 11. Nbd2 Bd5 12. Qe2 {[%mdl 1024] White has compensation.} c5 13. e4 Bb7 14. Rfd1 Nbd7 15. Rac1 a5 16. Nxc4 ({Much worse is} 16. Qxc4 $6 Rc8 $11) 16... Bxe4 (16... Ba6 $16) 17. dxc5 $18 {Bxf6 is the strong threat.} Bd5 18. c6 Bxc6 19. Bxf6 $1 Bxf6 20. Nfe5 Bxg2 21. Nxd7 ({Worse is} 21. Kxg2 Ra7 $15) 21... Bd5 22. Nxf8 Kxf8 23. Ne3 {[%cal Bc4e3,Be3d5,Bd5c3][%mdl 32]} Bg5 24. Nxd5 Bxc1 {[#]} 25. Nc3 $1 Qg5 26. Ne4 Qh6 27. Qf3 f5 $2 (27... Rb8 28. Qc3 Bf4 29. Qxa5 (29. gxf4 Qxf4 30. f3 h6 $18) 29... Qg6) 28. Nc5 Re8 29. Nd7+ Kg8 {[#]} 30. Qc6 $1 Rd8 (30... Ba3 $142 31. Nf6+ Qxf6) 31. Rxc1 {Precision: White = 77%, Black = 19%.} 1-0

[Event "World Team-ch 2017"]
[Site "Khanty-Mansyisk"]
[Date "2017.06.20"]
[Round "4"]
[White "Matlakov, Maxim"]
[Black "Fedorov, Alexei"]
[Result "1-0"]
[WhiteElo "2707"]
[BlackElo "2598"]
[Annotator "TA"]
[PlyCount "77"]
[EventDate "2017.??.??"]
[EventType "team-tourn"]
[EventCountry "RUS"]
[SourceTitle "playchess.com"]
[Source "ChessBase"]
[SourceQuality "1"]
[WhiteTeam "RUS"]
[BlackTeam "BLR"]
[WhiteTeamCountry "RUS"]
[BlackTeamCountry "BLR"]

{[%evp 17,77,87,89,51,50,46,72,29,50,0,12,-1,54,59,37,54,102,98,110,95,102,96,107,48,73,80,92,84,253,123,156,154,159,165,128,151,152,148,103,132,228,223,323,372,310,290,273,265,367,380,340,347,358,336,599,556,581,577,549,579,1091,1114]} 1. d4 Nf6 2. c4 g6 3. g3 Bg7 4. Bg2 O-O 5. Nc3 d6 6. Nf3 {[%cal Bg1f3,Bf3e1,Be1d3][%mdl 32]} c5 7. d5 e5 8. O-O Nbd7 {E64: King's Indian: Fianchetto: 6...c5 7 d5} 9. e4 Ne8 {LiveBook: 11 Games} (9... a6 10. a4 Ng4 11. Bd2 Kh8 12. a5 Qe7 13. Na4 f5 14. Ng5 Ndf6 15. Nb6 Rb8 16. Nxc8 Rfxc8 17. f3 Nh6 18. Ne6 {1-0 (38) Grischuk,A (2715)-Korotylev,A (2600) Moscow 2007}) 10. Ne1 f5 {White is slightly better.} 11. Nd3 Nb6 $146 ({Predecessor:} 11... a6 12. a4 b6 13. Re1 Rb8 14. Rb1 Rb7 15. b4 cxb4 16. Nxb4 Nc5 17. Be3 Rff7 18. Nc6 Qc7 19. a5 bxa5 20. Ra1 {½-½ (20) Hamrakulova,Y (2113)-Kurbonboeva,S (2195) Tashkent 2014}) 12. Qe2 f4 13. gxf4 Nxc4 14. Ne1 b5 (14... Nb6 $11) 15. Nxb5 $14 Nb6 16. fxe5 $1 Ba6 17. a4 $1 Bxe5 18. Nf3 Rxf3 19. Qxf3 {Hoping for Rd1.} Nxa4 20. Bh6 ({But not} 20. Rxa4 Bxb5 21. Ra2 (21. Bh6 Nc7 $11) 21... Bxf1 $11) (20. Nxd6 $16 {Intending Qf7+ and mate.} Nxd6 21. Rxa4) 20... Nf6 21. Nxd6 $1 Bxf1 22. Bxf1 Nxb2 $2 (22... Qxd6 $16 {was necessary.} 23. Rxa4 a5) 23. Nb7 (23. Ra6 $1 $18 {and the rest is easy.} Bxd6 24. Bg5) 23... Qc8 $16 24. Ra6 $36 {[%mdl 2048] White has strong initiative.} Qg4+ 25. Qxg4 Nxg4 26. Bc1 {aiming for d6.} Rf8 {[#]} 27. f4 $1 {[%cal Rf4e5,Bf2f4,Bf4f5][%mdl 32]} ({Worse is} 27. Nxc5 Rxf2 28. Bh3 Bxh2+ 29. Kh1 Be5 $11) 27... Bd4+ 28. Kg2 {And now d6 would win.} Nd1 (28... Rb8 $16) 29. Be2 $18 Nge3+ (29... Nde3+ $142 30. Kg3 Nf6) 30. Kf3 g5 31. f5 ({Don't blunder} 31. Rxa7 $2 Rxf4+ 32. Kg3 Be5 $19) 31... g4+ {[#]} 32. Kf4 $1 Nc3 33. Bxe3 Nxe2+ 34. Kxg4 Bxe3 35. Kf3 Bd4 $2 (35... Bg1 {was worth a try.} 36. Kxe2 Rb8) 36. Kxe2 {White is clearly winning.} Rb8 37. Na5 Rb2+ 38. Kd3 Rxh2 39. d6 {Precision: White = 62%, Black = 43%.} 1-0

[Event "World Team-ch 2017"]
[Site "Khanty-Mansyisk"]
[Date "2017.06.20"]
[Round "4"]
[White "Vidit, Santosh Gujrathi"]
[Black "Onischuk, Alexander"]
[Result "1/2-1/2"]
[WhiteElo "2692"]
[BlackElo "2685"]
[Annotator "TA"]
[PlyCount "119"]
[EventDate "2017.??.??"]
[EventType "team-tourn"]
[EventCountry "RUS"]
[SourceTitle "playchess.com"]
[Source "ChessBase"]
[SourceQuality "1"]
[WhiteTeam "IND"]
[BlackTeam "USA"]
[WhiteTeamCountry "IND"]
[BlackTeamCountry "USA"]

{[%evp 28,119,10,16,31,36,43,26,32,23,50,33,61,41,82,85,81,87,100,88,94,91,110,107,120,95,100,94,129,122,122,119,157,150,157,157,157,150,150,150,150,107,108,107,107,107,107,0,107,107,107,94,107,40,51,41,55,0,63,52,107,107,107,107,116,106,110,106,100,100,100,97,87,8,8,0,0,0,0,0,0,0,0,0,0,0,0,0,0,0,0,0,0,0]} 1. d4 Nf6 2. c4 e6 3. Nf3 d5 4. g3 Be7 5. Bg2 O-O 6. O-O dxc4 7. Qc2 a6 8. a4 Bd7 {[%cal Bc8d7,Bd7c6,Bc6d5][%mdl 32]} 9. Qxc4 Bc6 10. Bg5 Bd5 11. Qc2 Be4 12. Qd1 {E05: Open Catalan: 5 Nf3 Be7} (12. Qc1 h6 13. Bxf6 Bxf6 14. Rd1 a5 15. Nbd2 Bxf3 16. Bxf3 c6 17. Nc4 Na6 18. Qf4 Nb4 19. e3 Qe7 20. h4 Rfd8 {½-½ (44) Wojtaszek,R (2734)-Kryvoruchko,Y (2714) Chartres 2017}) 12... h6 13. Bxf6 Bxf6 14. Nbd2 Bxf3 15. Nxf3 {LiveBook: 3 Games} c6 16. a5 Nd7 {[%cal Bb8d7,Bd7b6,Bb6c4][%mdl 32]} 17. Qb3 Rb8 18. Rfd1 {[#]} b6 $146 ({Predecessor:} 18... Qc7 19. e4 Rfd8 {1-0 (57) Kozul,Z (2576)-Shariyazdanov,A (2592) Sibenik 2005}) 19. Ne5 Bxe5 20. dxe5 Qc7 21. axb6 Nxb6 22. Qc3 $36 {[%mdl 2048] White is on the roll.} Rfd8 23. Rxd8+ Qxd8 24. Qxc6 Rc8 25. Qd6 Nc4 26. Qxd8+ Rxd8 $16 {[%mdl 4096] Endgame KRB-KRN} 27. b3 Nd2 28. Rxa6 {Threatens to win with b4.} Nxb3 29. f4 h5 30. Kf2 Kf8 31. Ra3 Nd4 32. Ra7 Nf5 33. Be4 g6 34. Bd3 Rd4 35. Kf3 Rb4 36. Ra8+ Kg7 37. Ra7 ({White should play} 37. Rc8 $16) 37... Nd4+ (37... Kf8 $1 $11) 38. Kf2 Nf5 39. Kg2 Kf8 40. Kh3 (40. Rc7 $16) 40... Kg7 41. Rd7 (41. Bxf5 $5 gxf5 42. Ra2 $16) 41... Ne3 42. Ra7 Nf5 43. Ra3 (43. Bxf5 $5 gxf5 44. Kh4 $16) 43... Rd4 (43... Ne3 $14) 44. Kg2 Rb4 45. Kf2 Kf8 46. Ra2 Kg7 47. Kf3 Nd4+ 48. Ke3 Nf5+ 49. Kd2 h4 50. e4 (50. g4 $16 Nh6 51. g5) 50... hxg3 $11 {The position is equal.} 51. Kc3 Ra4 $1 {[%cal Ra4a2]} 52. Rxa4 gxh2 53. Ra1 Ng3 54. Kd2 {[#] And now Ke3 would win.} (54. f5 $5) 54... h1=Q 55. Rxh1 Nxh1 56. Ke3 {Hoping for Kf3.} Ng3 57. Kf3 Nh5 58. Kg4 Kh6 59. Bb5 f5+ 60. exf6 {Precision: White = 53%, Black = 61%.} 1/2-1/2

[Event "World Team-ch 2017"]
[Site "Khanty-Mansyisk"]
[Date "2017.06.20"]
[Round "4"]
[White "Akobian, Varuzhan"]
[Black "Adhiban, B."]
[Result "0-1"]
[WhiteElo "2673"]
[BlackElo "2670"]
[Annotator "TA"]
[PlyCount "82"]
[EventDate "2017.??.??"]
[EventType "team-tourn"]
[EventCountry "RUS"]
[SourceTitle "playchess.com"]
[Source "ChessBase"]
[SourceQuality "1"]
[WhiteTeam "USA"]
[BlackTeam "IND"]
[WhiteTeamCountry "USA"]
[BlackTeamCountry "IND"]

{[%evp 13,82,3,5,-25,-28,-26,-11,-16,-26,-42,-31,-68,-87,-62,-87,-348,-335,-331,-337,-578,-561,-480,-278,-264,-271,-279,-268,-338,-329,-297,-327,-382,-404,-399,-395,-429,-400,-501,-499,-477,-499,-620,-632,-641,-695,-700,-737,-685,-634,-963,-950,-875,-912,-916,-896,-1051,-1007,-1218,-1156,-1409,-1374,-1611,-1413,-29973,-29974,-29980,-29981,-29981,-29982,-29982,-29983]} 1. d4 d5 2. c4 e6 3. Nc3 c6 4. e3 Nf6 5. Nf3 Nbd7 6. Qc2 Be7 7. g4 dxc4 {LiveBook: 14 Games. D45: Semi-Slav: 5 e3} 8. g5 Nd5 9. Bxc4 b5 $146 {Black has an edge.} ({Predecessor:} 9... b6 10. e4 Nxc3 11. Qxc3 a5 12. Bd2 O-O 13. O-O-O b5 14. Be2 b4 15. Qe3 {½-½ (15) Gasanov,E (2495)-Mirzoev,A (2557) Malatya 2014}) 10. Be2 Nxc3 11. Qxc3 Bb7 12. d5 O-O $1 $36 {[%mdl 2048] Keeping White busy.} 13. dxe6 fxe6 {aiming for ...c5.} 14. h4 $2 {[%mdl 8192] [#]} (14. Nd4 $17 {might work better.} Nc5 15. O-O) 14... Rxf3 $1 $19 {[%mdl 512]} 15. Bxf3 {Black must now prevent 0-0.} Qf8 $1 {[%cal Rf8f3]} 16. Ke2 $2 {[#]} (16. Bxc6 Bb4 17. Bxb7) 16... b4 $1 17. Qc4 {[#]} Qxf3+ $1 {[%mdl 512]} 18. Kxf3 Ne5+ 19. Kg3 Nxc4 20. Rd1 c5 21. b3 Nd6 22. Bb2 Rf8 23. f4 Bd5 24. Kh3 Ne4 25. Rf1 g6 26. Be5 a5 {[%cal Ba7a5,Ba5a4][%mdl 32]} 27. Bc7 Ra8 28. Kh2 a4 29. Be5 Kf7 30. Rfd1 Nf2 31. Re1 Nd3 32. Rf1 axb3 33. axb3 Rxa1 34. Bxa1 Bxb3 35. e4 c4 {[%cal Bc5c4,Bc4c3,Bc3c2][%mdl 32]} 36. f5 exf5 37. exf5 c3 38. h5 gxh5 {Black mates.} 39. Rg1 c2 40. g6+ {[#]} hxg6 $1 41. fxg6+ Kg8 {Precision: White = 16%, Black = 93%.} 0-1

[Event "World Team-ch 2017"]
[Site "Khanty-Mansyisk"]
[Date "2017.06.20"]
[Round "4"]
[White "Sasikiran, Krishnan"]
[Black "Robson, Ray"]
[Result "1-0"]
[WhiteElo "2669"]
[BlackElo "2656"]
[Annotator "TA"]
[PlyCount "75"]
[EventDate "2017.??.??"]
[EventType "team-tourn"]
[EventCountry "RUS"]
[SourceTitle "playchess.com"]
[Source "ChessBase"]
[SourceQuality "1"]
[WhiteTeam "IND"]
[BlackTeam "USA"]
[WhiteTeamCountry "IND"]
[BlackTeamCountry "USA"]

{[%evp 20,75,22,0,0,0,0,6,31,5,0,0,8,0,0,17,22,17,55,63,50,33,300,294,291,288,354,337,336,337,331,250,257,200,198,187,217,164,620,614,1527,1540,1473,0,1452,0,0,0,1386,1281,29985,29986,29986,29987,29987,1967,29989,6187]} 1. d4 d5 2. c4 c6 3. Nf3 Nf6 4. Nc3 e6 5. e3 Nbd7 6. Qc2 Bd6 7. Be2 O-O 8. O-O dxc4 9. Bxc4 b5 10. Be2 Bb7 11. a3 a5 {D46: Semi-Slav: 5 e3 Nbd7 6 Bd3, Black avoids the Meran} 12. e4 e5 13. Rd1 Qc7 {The position is equal.} (13... Qb8 $5 {[%cal Re5d4]}) 14. dxe5 (14. g3 Rfe8 15. dxe5 Nxe5 16. Bg5 Nxf3+ 17. Bxf3 Be5 18. Bxf6 gxf6 19. Bg4 {½-½ (47) Nakamura,H (2787)-Giri,A (2785) Bilbao 2016}) 14... Nxe5 15. Nd4 Neg4 $146 ({Predecessor:} 15... Bc5 16. Bf4 Bxd4 17. Rxd4 Nf3+ 18. Bxf3 Qxf4 19. Ne2 Qe5 {½-½ (31) Otspere,U (2209)-Narozhny,Y (2334) ICCF email 2013}) 16. Bxg4 Bxh2+ 17. Kf1 Nxg4 18. g3 $1 f5 {Hoping for ...fxe4.} 19. Bf4 $1 {[%cal Rf4c7]} Qf7 {Threatens to win with ...g5!} 20. Nxf5 {Kg2 is the strong threat.} Qh5 $2 {[%mdl 8192]} ({Better is} 20... g6 $14 21. Nd6 Qe6) 21. Rd7 $18 Rxf5 22. exf5 Qh3+ 23. Ke1 Re8+ 24. Kd2 Bc8 25. Qb3+ Kh8 26. Qf7 {[%cal Rf7e8]} Bxd7 27. Re1 $1 $40 {[%cal Re1e8][%mdl 128] Black is in trouble.} ({Inferior is} 27. Qxd7 Nf6 $11) 27... Rg8 {Strongly threatening ...Nf6.} 28. Qxd7 {And now Re8 would win.} Nxf2 $2 (28... Nf6 29. Qxc6 b4) 29. Re8 {White threatens Rxg8+ and mate.} h5 30. Rxg8+ Kxg8 31. Qe8+ Kh7 {[#]} 32. Qg6+ $2 (32. f6 $1 $18) 32... Kg8 $11 33. Qe8+ $2 {[%mdl 8192]} (33. Ke2 $11 Nh1 34. Qe6+ Kh7 35. Ne4 Nxg3+ 36. Bxg3 Qg4+ 37. Kf2 Bxg3+ 38. Nxg3) 33... Kh7 $18 {[#]} 34. f6 $1 {[%cal Rf6g7] White wants to mate with fxg7.} Ng4 35. Qe4+ Kg8 36. Qe6+ Kh7 37. f7 (37. Qf5+ $142 Kh8 38. f7 Qg2+ 39. Ne2 Qd5+ 40. Qxd5 cxd5 41. f8=Q+ Kh7 42. Qf5+ Kg8 43. Qxd5+ Kh7 44. Qxh5+ Kg8 45. Qxg4) 37... Bxg3 38. f8=Q {Precision: White = 69%, Black = 32%.} (38. Qe4+ $142 g6 39. f8=Q Bxf4+ 40. Qfxf4 Qh2+ 41. Ne2 Qxf4+ 42. Nxf4 Kg8 43. Qe8+ Kg7 44. Qe7+ Kh8 45. Ne6 Nh6 46. Qg7#) 1-0

[Event "World Team-ch 2017"]
[Site "Khanty-Mansyisk"]
[Date "2017.06.20"]
[Round "4"]
[White "Xiong, Jeffery"]
[Black "Negi, Parimarjan"]
[Result "0-1"]
[WhiteElo "2658"]
[BlackElo "2670"]
[Annotator "TA"]
[PlyCount "128"]
[EventDate "2017.??.??"]
[EventType "team-tourn"]
[EventCountry "RUS"]
[SourceTitle "playchess.com"]
[Source "ChessBase"]
[SourceQuality "1"]
[WhiteTeam "USA"]
[BlackTeam "IND"]
[WhiteTeamCountry "USA"]
[BlackTeamCountry "IND"]

{[%evp 12,128,35,12,38,12,32,14,23,36,32,24,30,31,23,26,43,43,46,42,51,48,79,53,50,54,53,55,51,66,32,46,47,-6,18,0,0,-16,-17,-73,-74,-71,-85,-83,-76,-96,-97,-98,-97,-122,-95,-105,-77,-77,-71,-75,-47,-76,-74,-74,-74,-79,-69,-75,-37,-56,-39,-66,-70,-86,-86,-91,-62,-141,-141,-158,-164,-163,-141,-147,-141,-133,-136,-176,-183,-234,-229,-252,-236,-385,-356,-29949,-29956,-29955,-29958,-29958,-29959,-29956,-29960,-29959,-29959,-29957,-29955,-29969,-29970,-29969,-29971,-29972,-29973,-29973,-29974,-29974,-29975,-29975,-29976,-29976,-29975,-29969,-29969]} 1. e4 e5 2. Nf3 Nc6 3. Bc4 Bc5 4. c3 Nf6 5. d3 d6 6. O-O h6 7. Re1 O-O {C54: Giuoco Piano: 4 c3 Nf6, main lines with 5 d4 and 5 d3} 8. Nbd2 a6 9. Nf1 Na5 {The position is equal.} (9... b5 $5 {[%cal Rb5c4]} 10. Bb3 Be6 $11) 10. b4 Nxc4 11. bxc5 Na5 12. a4 $146 ({Predecessor:} 12. cxd6 cxd6 13. a4 b5 14. axb5 axb5 15. Rb1 {½-½ (40) Giri,A (2755)-Mamedyarov,S (2761) Moscow 2016}) 12... Re8 13. cxd6 Qxd6 14. Ba3 Qd8 15. Ng3 b6 16. d4 Nc4 17. Nxe5 Nxe5 18. dxe5 Qxd1 19. Raxd1 Rxe5 20. f4 Re8 21. e5 Nd7 22. a5 (22. Rd3 $14) 22... Kh7 23. axb6 Nxb6 24. Rd4 f6 25. f5 (25. h4 $11 {keeps the balance.}) 25... Rxe5 $17 26. Rxe5 fxe5 27. Rg4 {[#]} Bd7 $1 28. c4 a5 29. Kf2 a4 30. Ke1 Rg8 31. Bb2 g6 32. c5 Nd5 {Threatens to win with ...a3.} 33. fxg6+ Rxg6 34. Rxg6 Kxg6 35. Bxe5 {[%mdl 4096] Endgame KBN-KBN} a3 36. Kd2 a2 37. Ne2 Nb4 38. Nc1 Kf5 39. Bb2 Be6 $1 40. Nd3 Na6 41. Ke3 Bc4 42. Ne5 (42. c6 $15) 42... Bd5 43. g4+ {[#]} Kg5 $1 44. c6 Nb4 45. Kd4 {intending Kc5.} Be6 46. Kc3 Nd5+ 47. Kd4 Kh4 48. Ke4 (48. Ba1 $142) 48... Nb4 $19 49. Nd3 Nxc6 50. Bf6+ (50. Nf2 {might work better.} Bxg4 51. Kd3) 50... Kxg4 51. Ne5+ $2 (51. Ke3 $19) 51... Nxe5 {Black mates.} 52. Bxe5 {KB-KB} Kh3 53. Kf3 c5 {[%cal Bc7c5,Bc5c4][%mdl 32]} 54. Kf2 a1=Q 55. Bxa1 Kxh2 56. Bg7 h5 {[%cal Bh6h5,Bh5h4,Bh4h3][%mdl 32]} 57. Bf8 c4 58. Bb4 Bd5 59. Bc3 Kh3 60. Be5 Kg4 61. Ke3 h4 62. Kd4 h3 63. Ke3 Bf7 64. Bd6 Be8 {Precision: White = 41%, Black = 70%.} 0-1

[Event "World Team-ch 2017"]
[Site "Khanty-Mansyisk"]
[Date "2017.06.20"]
[Round "4"]
[White "Kravtsiv, Martyn"]
[Black "Hauge, Lars Oskar"]
[Result "1-0"]
[WhiteElo "2653"]
[BlackElo "2448"]
[Annotator "TA"]
[PlyCount "84"]
[EventDate "2017.??.??"]
[EventType "team-tourn"]
[EventCountry "RUS"]
[SourceTitle "playchess.com"]
[Source "ChessBase"]
[SourceQuality "1"]
[WhiteTeam "UKR"]
[BlackTeam "NOR"]
[WhiteTeamCountry "UKR"]
[BlackTeamCountry "NOR"]

{[%evp 27,84,0,0,0,10,0,0,0,43,45,50,48,43,46,42,4,68,66,69,70,79,72,94,81,111,108,108,114,102,79,119,76,111,97,155,155,155,144,131,145,132,129,121,132,139,119,339,325,551,570,558,559,687,662,867,777,975,543,29999]} 1. e4 e5 2. Nf3 Nc6 3. Bb5 a6 4. Ba4 Nf6 5. O-O Be7 6. Re1 b5 7. Bb3 d6 8. c3 O-O 9. h3 Na5 10. Bc2 c5 11. d4 Nd7 12. d5 Nb6 {C96: Closed Ruy Lopez: Chigorin Defence: 11 d4, replies other than 11...Qc7} 13. Nbd2 g6 14. b4 Nb7 {LiveBook: 12 Games. The position is equal.} 15. Nb3 {[#] Strongly threatening bxc5.} f6 $146 ({Predecessor:} 15... c4 16. Nbd2 a5 17. Nf1 axb4 18. cxb4 Bd7 19. Bh6 Re8 20. Ng3 {0-1 (46) Swiercz,D (2492)-Howell,D (2624) Puerto Madryn 2009}) 16. Be3 Qc7 17. Qe2 Nd8 18. Na5 Bd7 19. Rec1 Nb7 20. Nxb7 Qxb7 21. Nd2 a5 ({Black should play} 21... cxb4 $11 22. cxb4 f5) 22. bxc5 $14 dxc5 23. c4 b4 24. f4 exf4 25. Bxf4 Rae8 26. Qf2 Na4 27. Bxa4 Bxa4 28. a3 Ra8 29. Kh1 Qd7 30. Qg3 g5 (30... Rfe8 $142) 31. axb4 $16 axb4 {[#]} 32. e5 $1 {[%cal Re5e6] Threatens to win with e6.} Qf5 33. Rf1 Qg6 34. Be3 {And now d6 would win.} fxe5 {White should prevent ...Rxf1+.} 35. Rxf8+ Bxf8 {[#]} 36. Nb3 $1 {[%cal Bd2b3,Bb3c5,Bc5e6][%mdl 544]} Qe8 $2 (36... g4 $16) (36... Bxb3 37. Rxa8) 37. Qxg5+ $18 ({But not} 37. Nxc5 h6 $18) 37... Bg7 $2 (37... Qg6 {keeps fighting.} 38. Qxg6+ hxg6 39. Bxc5 (39. Nxc5 Bxc5 40. Bxc5 b3 $16) 39... e4 40. Bxf8 Kxf8) 38. Nxc5 {White is clearly winning.} b3 39. Bc1 h6 40. Qg4 Kh8 41. Bb2 ({Weaker is} 41. Rxa4 Rxa4 42. Nxa4 Qxa4 $16) (41. Nxa4 e4 $11) 41... Ra7 42. Ne6 Bd7 {Precision: White = 67%, Black = 39%.} 1-0